| 000 | 00976cam a22003017a 4500 | ||
|---|---|---|---|
| 003 | CHAP | ||
| 005 | 20220329132909.0 | ||
| 008 | 971010s1962 r 00010 d | ||
| 010 | _a54 | ||
| 011 | _a1026 | ||
| 035 | _a201 | ||
| 040 | _cCHAP | ||
| 082 | 0 | 4 |
_a551.4 _bS8y |
| 100 | 0 | 0 |
_aStrahler, Arthur N. _9109939 |
| 245 | 1 | 0 |
_aGeografía física _c/por Arthur N. Strahler |
| 260 |
_aBarcelona : _bOmega, _c1962 |
||
| 300 |
_a767 p. _b: ilus. |
||
| 500 | _ac.2 sust. por c.1 de la 3 ed. de 1989 | ||
| 590 |
_aBATCH-UPD _b10 _c20130110 _lUCH01 _h2050 |
||
| 590 |
_aBATCH-UPD _b10 _c20130410 _lUCH01 _h1403 |
||
| 590 |
_aBATCH-UPD _b10 _c20130914 _lUCH01 _h1539 |
||
| 590 |
_aCONVERSION _b10 _c20130109 _lUCH01 _h1302 |
||
| 650 | 1 | 4 |
_aGeografía física. _947590 |
| 901 | _aBK | ||
| 942 | _cLIBRO | ||
| 949 |
_a551.4 S8Y _bBC _cLIBRO _d33724000987228 _eLIBRO _fc.3 _gI.147732 _h76475 _i201 _so _t260.00 |
||
| 949 |
_a551.4 S8Y _bBC _cLIBRO _d33724000987285 _eLIBRO _gI.147730 _h76473 _i201 _si _t260.00 |
||
| 999 |
_c54 _d54 |
||